000 00642nam a2200205 a 4500
005 20221104063621.0
008 011024s1998 r 000 0 eng d
020 _a8470305379
035 _aUPN01000113423
049 _aCG
050 4 _aBF175.4 S6.5
_bU8.7
100 1 _aUtrilla Robles, Manuela
245 1 1 _a¿Son posibles las terapias en las instituciones? :
_bestudio situacional /
_cManuela Utrilla Robles.
260 _aMadid :
_bBiblioteca Nueva,
_cc1998.
300 _a350 p.
440 0 _aPsicoanálisis y sociedad
500 _a"Asociación Psicoanalítica de Madrid"
650 2 _aPsiquiatría social
_925672
905 _aLibro
999 _c87331
_d87331